000 004360000a22001690004500
003 MACL
005 20160108174318.0
008 160108b xxu||||| |||| 00| 0 eng d
040 _aMACL
_cMACL
041 _aEnglish
082 _a911/MAS
100 _aMason,J Alden
_930131
245 _aThe National Geographic magazine
260 _bNational Geographic Society
_aHydreabad
650 _aGeography
_930132
942 _cBK
_k911/Mas
_2ddc
999 _c36479
_d36479